[Event "Veteranos"]
[Site "Gaia"]
[Date "2024.06.13"]
[Round "5.1"]
[White "Santos, Antonio P"]
[Black "Silva, Firmino"]
[Result "0-1"]
[BlackElo "1885"]
[WhiteElo "2161"]
[LiveChessVersion "1.4.8"]

1. d4 {[%clk 1:30:52]} c5 {[%clk 1:30:04]} 2. d5 {[%clk 1:31:14]} Nf6
{[%clk 1:30:26]} 3. c4 {[%clk 1:31:32]} e6 {[%clk 1:30:53]} 4. Nc3
{[%clk 1:31:52]} exd5 {[%clk 1:31:19]} 5. cxd5 {[%clk 1:32:12]} d6
{[%clk 1:31:45]} 6. e4 {[%clk 1:32:32]} g6 {[%clk 1:32:13]} 7. f4
{[%clk 1:32:53]} Bg7 {[%clk 1:32:18]} 8. Bb5+ {[%clk 1:33:11]} Nfd7
{[%clk 1:32:21]} 9. a4 {[%clk 1:33:31]} O-O {[%clk 1:29:56]} 10. Nf3
{[%clk 1:33:48]} a6 {[%clk 1:28:38]} 11. Be2 {[%clk 1:18:39]} Re8
{[%clk 1:28:00]} 12. O-O {[%clk 1:19:01]} Nf8 {[%clk 1:27:27]} 13. h3
{[%clk 1:02:58]} Nbd7 {[%clk 1:26:36]} 14. Re1 {[%clk 0:53:46]} Bxc3
{[%clk 1:04:30]} 15. bxc3 {[%clk 0:54:07]} Rxe4 {[%clk 1:04:57]} 16. Bd3
{[%clk 0:51:22]} Rxe1+ {[%clk 1:01:38]} 17. Qxe1 {[%clk 0:51:44]} Nf6
{[%clk 1:01:52]} 18. c4 {[%clk 0:52:05]} Nh5 {[%clk 1:02:16]} 19. g4
{[%clk 0:51:44]} Qf6 {[%clk 1:02:24]} 20. Rb1 {[%clk 0:31:45]} Nxf4
{[%clk 1:02:21]} 21. Qe4 {[%clk 0:32:13]} Nxh3+ {[%clk 0:30:26]} 22. Kg2
{[%clk 0:28:36]} h5 {[%clk 0:30:43]} 23. g5 {[%clk 0:22:55]} Qd8 {[%clk 0:25:14]}
24. Qe3 {[%clk 0:23:05]} Bg4 {[%clk 0:21:12]} 25. Nh2 {[%clk 0:15:32]} Nd7
{[%clk 0:16:18]} 26. Nxg4 {[%clk 0:14:49]} hxg4 {[%clk 0:16:45]} 27. Be2
{[%clk 0:12:49]} Ne5 {[%clk 0:15:39]} 28. Kg3 {[%clk 0:13:01]} Qd7
{[%clk 0:12:58]} 29. Bb2 {[%clk 0:11:35]} Re8 {[%clk 0:13:18]} 30. Qd2
{[%clk 0:10:04]} Qf5 {[%clk 0:10:44]} 31. Rf1 {[%clk 0:10:20]} Qxg5
{[%clk 0:10:15]} 32. Qxg5 {[%clk 0:07:00]} Nxg5 {[%clk 0:10:43]} 33. Bxg4
{[%clk 0:07:19]} Ne4+ {[%clk 0:10:09]} 34. Kh3 {[%clk 0:07:25]} Nd2
{[%clk 0:09:33]} 35. Rh1 {[%clk 0:05:42]} Ndxc4 {[%clk 0:09:46]} 36. Bc3
{[%clk 0:05:38]} b5 {[%clk 0:09:32]} 37. Be2 {[%clk 0:05:17]} b4 {[%clk 0:09:17]}
38. Bxe5 {[%clk 0:05:30]} Nxe5 {[%clk 0:09:28]} 39. Bxa6 {[%clk 0:05:58]} b3
{[%clk 0:09:12]} 40. Bb5 {[%clk 0:04:40]} Rb8 {[%clk 0:09:15]} 41. Kg3
{[%clk 0:04:54]} c4 {[%clk 0:08:57]} 42. Kf4 {[%clk 0:05:18]} c3 {[%clk 0:08:00]}
43. Ke3 {[%clk 0:05:22]} Rc8 {[%clk 0:07:03]} 0-1

[Event "Veteranos"]
[Site "Gaia"]
[Date "2024.06.13"]
[Round "5.2"]
[White "Gori, Andrea"]
[Black "Siilva, Fernando"]
[Result "0-1"]
[BlackElo "2267"]
[WhiteElo "1987"]
[LiveChessVersion "1.4.8"]

1. d4 {[%clk 1:30:57]} g6 {[%clk 1:30:42]} 2. Nf3 {[%clk 1:31:19]} Bg7
{[%clk 1:31:06]} 3. e3 {[%clk 1:29:53]} c5 {[%clk 1:29:55]} 4. Bd3
{[%clk 1:29:41]} Nf6 {[%clk 1:29:32]} 5. O-O {[%clk 1:29:18]} b6 {[%clk 1:28:26]}
6. Qe2 {[%clk 1:28:33]} Bb7 {[%clk 1:21:04]} 7. Nbd2 {[%clk 1:28:22]} O-O
{[%clk 1:20:53]} 8. c3 {[%clk 1:25:30]} d6 {[%clk 1:13:06]} 9. a3
{[%clk 1:12:14]} Nbd7 {[%clk 1:10:16]} 10. e4 {[%clk 1:09:15]} cxd4
{[%clk 1:06:29]} 11. cxd4 {[%clk 1:09:34]} e5 {[%clk 1:06:22]} 12. dxe5
{[%clk 1:05:06]} dxe5 {[%clk 1:06:39]} 13. Ba6 {[%clk 1:01:15]} Bxa6
{[%clk 1:06:28]} 14. Qxa6 {[%clk 1:01:31]} Nc5 {[%clk 1:06:30]} 15. Qe2
{[%clk 1:00:37]} Qd3 {[%clk 1:05:32]} 16. Re1 {[%clk 1:00:20]} Rfd8
{[%clk 0:56:26]} 17. b4 {[%clk 0:42:46]} Qxe2 {[%clk 0:47:34]} 18. Rxe2
{[%clk 0:42:51]} Na4 {[%clk 0:46:56]} 19. Kf1 {[%clk 0:31:58]} Rac8
{[%clk 0:46:16]} 20. Ne1 {[%clk 0:10:00]} Rc3 {[%clk 0:28:30]} 21. Rb1
{[%clk 0:07:19]} Bh6 {[%clk 0:24:02]} 22. Nb3 {[%clk 0:05:10]} Bxc1
{[%clk 0:23:59]} 23. Rxc1 {[%clk 0:02:39]} Rxb3 {[%clk 0:23:50]} 24. Rc7
{[%clk 0:02:58]} Rd7 {[%clk 0:23:24]} 25. Rec2 {[%clk 0:01:32]} Rxa3
{[%clk 0:18:59]} 26. Rxd7 {[%clk 0:01:37]} Nxd7 {[%clk 0:19:25]} 27. Rc7
{[%clk 0:01:55]} Nf6 {[%clk 0:19:45]} 28. f3 {[%clk 0:01:08]} Nb2
{[%clk 0:19:45]} 29. Ke2 {[%clk 0:01:19]} b5 {[%clk 0:19:50]} 30. Rc5
{[%clk 0:01:38]} a6 {[%clk 0:18:47]} 31. Rxe5 {[%clk 0:01:44]} Nc4
{[%clk 0:19:10]} 32. Re7 {[%clk 0:01:54]} Ra2+ {[%clk 0:19:15]} 33. Kd3
{[%clk 0:01:51]} Rd2+ {[%clk 0:18:50]} 34. Kc3 {[%clk 0:01:56]} Re2
{[%clk 0:19:10]} 35. Nd3 {[%clk 0:01:43]} Nd5+ {[%clk 0:19:22]} 0-1

[Event "Veteranos"]
[Site "Gaia"]
[Date "2024.06.13"]
[Round "5.3"]
[White "Peixoto, Helio"]
[Black "Fernandes, Alberto"]
[Result "0-1"]
[BlackElo "2099"]
[WhiteElo "1952"]
[LiveChessVersion "1.4.8"]

1. e4 {[%clk 1:30:56]} e5 {[%clk 1:30:50]} 2. Nf3 {[%clk 1:31:20]} Nc6
{[%clk 1:31:10]} 3. Bc4 {[%clk 1:31:43]} Bc5 {[%clk 1:31:30]} 4. d3
{[%clk 1:32:03]} Nf6 {[%clk 1:30:49]} 5. Bg5 {[%clk 1:32:10]} h6 {[%clk 1:31:09]}
6. Bh4 {[%clk 1:32:33]} d6 {[%clk 1:31:17]} 7. c3 a6 {[%clk 1:31:03]} 8. b4
{[%clk 1:30:42]} Ba7 {[%clk 1:30:35]} 9. Nbd2 {[%clk 1:30:40]} Qe7
{[%clk 1:28:52]} 10. a4 {[%clk 1:30:23]} g5 {[%clk 1:28:37]} 11. Bg3
{[%clk 1:30:29]} Be6 {[%clk 1:23:11]} 12. Rb1 {[%clk 1:27:46]} Nd7
{[%clk 1:11:46]} 13. Bxe6 {[%clk 1:15:21]} Qxe6 {[%clk 1:10:10]} 14. Nc4
{[%clk 1:15:01]} Ne7 {[%clk 1:05:39]} 15. h4 {[%clk 1:03:35]} g4 {[%clk 1:03:10]}
16. Nh2 {[%clk 1:03:52]} h5 {[%clk 1:02:43]} 17. Nf1 {[%clk 1:03:38]} b5
{[%clk 1:01:11]} 18. Nce3 {[%clk 1:01:49]} f5 {[%clk 1:01:22]} 19. exf5
{[%clk 1:01:49]} Nxf5 {[%clk 1:01:22]} 20. Nxf5 {[%clk 1:01:49]} Qxf5
{[%clk 1:01:22]} 21. a5 {[%clk 0:57:48]} Nf6 {[%clk 0:52:27]} 22. Qe2
{[%clk 0:53:43]} Kd7 {[%clk 0:41:36]} 23. Nd2 Nd5 {[%clk 0:34:15]} 24. Qe4
{[%clk 0:44:32]} Qf7 {[%clk 0:30:24]} 25. Rc1 {[%clk 0:42:19]} Rhf8
{[%clk 0:29:33]} 26. O-O {[%clk 0:42:23]} Nf6 {[%clk 0:23:32]} 27. Qf5+
{[%clk 0:42:23]} Qe6 {[%clk 0:23:46]} 28. Qxe6+ {[%clk 0:40:29]} Kxe6
{[%clk 0:24:13]} 29. c4 {[%clk 0:36:18]} bxc4 {[%clk 0:21:54]} 30. dxc4
{[%clk 0:29:54]} Rab8 {[%clk 0:17:45]} 31. Rb1 {[%clk 0:29:58]} c6 32. Rfe1
{[%clk 0:25:03]} Bd4 {[%clk 0:17:50]} 33. Rb3 {[%clk 0:25:07]} Rb7
{[%clk 0:17:07]} 34. Reb1 {[%clk 0:24:37]} Rfb8 {[%clk 0:17:12]} 35. Kf1
{[%clk 0:24:35]} d5 {[%clk 0:15:48]} 36. f3 {[%clk 0:21:14]} dxc4
{[%clk 0:15:37]} 37. Nxc4 {[%clk 0:21:14]} gxf3 {[%clk 0:15:47]} 38. gxf3
{[%clk 0:21:25]} Nd5 {[%clk 0:15:53]} 39. Bxe5 {[%clk 0:21:25]} Bxe5
{[%clk 0:15:53]} 40. Re1 {[%clk 0:21:25]} Rxb4 {[%clk 0:15:53]} 41. Rxb4
{[%clk 0:21:25]} Rxb4 {[%clk 0:15:53]} 42. Nxe5 {[%clk 0:21:25]} Kd6
{[%clk 0:15:53]} 43. Ng6 {[%clk 0:15:14]} Ra4 {[%clk 0:15:52]} 44. Kf2
{[%clk 0:13:43]} Rxa5 {[%clk 0:15:21]} 45. Re5 {[%clk 0:13:31]} Ra2+
{[%clk 0:15:27]} 46. Kg3 {[%clk 0:11:29]} Ra1 {[%clk 0:14:36]} 47. Kh2
{[%clk 0:08:44]} Ra2+ {[%clk 0:12:04]} 48. Kg3 {[%clk 0:08:59]} Ra1
{[%clk 0:12:07]} 49. Kh2 {[%clk 0:09:20]} c5 50. Rxh5 {[%clk 0:08:39]} c4
{[%clk 0:11:37]} 51. Rh8 {[%clk 0:07:21]} c3 {[%clk 0:11:49]} 52. Rc8
{[%clk 0:07:42]} Ra2+ {[%clk 0:08:29]} 53. Kg3 {[%clk 0:07:47]} Ra5
{[%clk 0:08:14]} 54. Kf2 {[%clk 0:06:31]} Ra2+ {[%clk 0:05:42]} 55. Ke1
{[%clk 0:06:16]} Rh2 {[%clk 0:05:43]} 56. Nf4 {[%clk 0:01:35]} Rh1+
{[%clk 0:04:53]} 57. Kf2 {[%clk 0:01:50]} c2 {[%clk 0:04:37]} 58. Rxc2 Rh2+ 59.
Ng2 {[%clk 0:01:55]} Rxg2+ {[%clk 0:04:56]} 60. Kxg2 {[%clk 0:02:11]} Ne3+
{[%clk 0:05:15]} 61. Kf2 {[%clk 0:02:05]} Nxc2 {[%clk 0:05:34]} 62. Ke2
{[%clk 0:02:02]} Nd4+ {[%clk 0:05:52]} 63. Ke3 {[%clk 0:02:16]} Nf5+
{[%clk 0:06:20]} 64. Kd3 {[%clk 0:02:10]} Nxh4 {[%clk 0:06:37]} 65. f4
{[%clk 0:02:10]} Kc5 {[%clk 0:06:37]} 66. Kc3 {[%clk 0:02:10]} Kb5
{[%clk 0:06:37]} 67. Kb3 {[%clk 0:03:00]} a5 {[%clk 0:07:22]} 68. Ka3
{[%clk 0:03:23]} a4 {[%clk 0:07:46]} 69. Kb2 {[%clk 0:03:23]} Kb4
{[%clk 0:07:46]} 70. Ka2 {[%clk 0:03:23]} a3 {[%clk 0:07:46]} 71. Kb1
{[%clk 0:03:23]} Kb3 {[%clk 0:07:46]} 72. Ka1 {[%clk 0:03:23]} Nf3
{[%clk 0:07:46]} 73. f5 {[%clk 0:03:23]} a2 {[%clk 0:07:46]} 0-1

[Event "Veteranos"]
[Site "Gaia"]
[Date "2024.06.13"]
[Round "5.4"]
[White "Antao, Jorge"]
[Black "Morais, Vitor"]
[Result "0-1"]
[BlackElo "1844"]
[WhiteElo "1878"]
[LiveChessVersion "1.4.8"]

1. d4 {[%clk 1:30:46]} c5 {[%clk 1:30:51]} 2. e3 {[%clk 1:30:08]} e6
{[%clk 1:30:56]} 3. Nf3 {[%clk 1:30:07]} Nf6 {[%clk 1:31:18]} 4. Bd3
{[%clk 1:29:08]} b6 {[%clk 1:31:40]} 5. O-O {[%clk 1:27:05]} Bb7 {[%clk 1:32:05]}
6. Nbd2 cxd4 {[%clk 1:32:15]} 7. exd4 {[%clk 1:26:39]} Be7 {[%clk 1:32:36]} 8.
Qe2 {[%clk 1:25:23]} O-O {[%clk 1:32:53]} 9. Ne4 {[%clk 1:24:36]} d6
{[%clk 1:32:48]} 10. Nfg5 {[%clk 1:14:45]} Nbd7 {[%clk 1:32:00]} 11. Re1
{[%clk 1:14:07]} h6 {[%clk 1:32:13]} 12. Nxf6+ {[%clk 1:11:20]} Bxf6
{[%clk 1:19:38]} 13. Nh7 {[%clk 1:09:13]} Re8 {[%clk 1:19:58]} 14. Nxf6+
{[%clk 1:09:32]} Qxf6 {[%clk 1:19:24]} 15. Qg4 {[%clk 1:02:42]} Nf8
{[%clk 1:16:20]} 16. Bd2 {[%clk 0:58:20]} Rad8 {[%clk 1:15:53]} 17. Re3
{[%clk 0:57:36]} Qg5 {[%clk 1:08:33]} 18. Rg3 {[%clk 0:55:40]} Qxg4
{[%clk 1:07:45]} 19. Rxg4 {[%clk 0:56:08]} f5 {[%clk 1:08:01]} 20. Rg3
{[%clk 0:54:35]} Kf7 {[%clk 1:08:24]} 21. f4 {[%clk 0:54:05]} Nh7
{[%clk 1:08:26]} 22. Re1 {[%clk 0:52:13]} Nf6 {[%clk 1:08:45]} 23. Rge3
{[%clk 0:47:28]} Be4 {[%clk 1:08:44]} 24. Bb5 {[%clk 0:46:59]} Rg8
{[%clk 1:07:45]} 25. c3 {[%clk 0:44:37]} g5 {[%clk 1:05:32]} 26. fxg5
{[%clk 0:43:27]} hxg5 {[%clk 1:05:42]} 27. Rh3 {[%clk 0:41:18]} d5
{[%clk 1:05:09]} 28. Rg3 {[%clk 0:36:36]} f4 {[%clk 1:05:14]} 29. Rh3
{[%clk 0:36:17]} g4 {[%clk 1:00:52]} 30. Rh4 {[%clk 0:36:19]} f3 {[%clk 1:01:07]}
31. Bf4 {[%clk 0:34:53]} fxg2 {[%clk 1:00:54]} 32. Be5 {[%clk 0:34:28]} Rh8
{[%clk 0:57:26]} 33. Bxf6 {[%clk 0:31:02]} Kxf6 {[%clk 0:57:48]} 34. Rxg4
{[%clk 0:30:05]} Rh3 {[%clk 0:57:44]} 35. Re2 {[%clk 0:26:51]} Rdh8
{[%clk 0:58:02]} 36. Rf2+ {[%clk 0:26:58]} Ke7 {[%clk 0:58:18]} 37. Rg7+
{[%clk 0:27:06]} Kd8 {[%clk 0:58:27]} 38. Rff7 {[%clk 0:25:39]} Rf3
{[%clk 0:57:28]} 39. Rd7+ {[%clk 0:21:29]} Ke8 {[%clk 0:57:34]} 40. Rdf7+
{[%clk 0:21:36]} Kd8 {[%clk 0:57:52]} 41. Rxf3 {[%clk 0:16:04]} Bxf3
{[%clk 0:58:12]} 42. Rxa7 {[%clk 0:16:28]} Rh4 {[%clk 0:57:55]} 43. Rd7+
{[%clk 0:16:07]} Kc8 {[%clk 0:58:11]} 44. Rf7 {[%clk 0:16:23]} Be4
{[%clk 0:58:00]} 45. Bd7+ {[%clk 0:16:19]} Kc7 {[%clk 0:57:40]} 46. Bxe6+
{[%clk 0:16:29]} Kd6 {[%clk 0:57:30]} 47. Bh3 {[%clk 0:16:38]} Rxh3
{[%clk 0:57:49]} 48. Rd7+ Kxd7 0-1

[Event "Veteranos"]
[Site "Gaia"]
[Date "2024.06.13"]
[Round "5.5"]
[White "Morais, Mario"]
[Black "Loureiro, Amadeu"]
[Result "1-0"]
[BlackElo "1801"]
[WhiteElo "1850"]
[LiveChessVersion "1.4.8"]

1. d4 g6 2. e4 d6 3. Nf3 Bg7 4. Bc4 Nf6 5. Nbd2 O-O 6. O-O c5 7. h3 cxd4 8. Nxd4
Nc6 9. N4f3 a6 10. a4 Qc7 11. Re1 Bd7 12. c3 Rac8 13. Ba2 Nd8 14. e5 dxe5 15.
Nxe5 Be6 16. Ndf3 Bxa2 17. Rxa2 Ne6 18. Qe2 Nd8 19. c4 h6 20. b3 Nc6 21. Ba3 Nxe5
22. Qxe5 Qb6 23. Qe3 Qxe3 24. Rxe3 e6 25. Bxf8 Bxf8 26. Rd3 Bc5 27. Kf1 Rc6 28.
Ne5 Rd6 29. Rad2 Rxd3 30. Rxd3 b6 31. Nd7 Nxd7 32. Rxd7 Kg7 33. Ke2 e5 34. f3 Kf6
35. Rc7 Ke6 36. a5 Bd6 37. Rc6 Kd7 38. Rxb6 1-0

[Event "Veteranos"]
[Site "Gaia"]
[Date "2024.06.13"]
[Round "5.6"]
[White "Azevedo, Jose"]
[Black "Prezado, Jose"]
[Result "1-0"]
[BlackElo "1886"]
[WhiteElo "2003"]
[LiveChessVersion "1.4.8"]

1. Nc3 d5 2. e4 d4 3. Nce2 c5 4. Ng3 e5 5. Bc4 Nf6 6. Nf3 Bd6 7. d3 h6 8. O-O O-O
9. h3 Nc6 10. a4 Qe8 11. Nh2 Be6 12. Ng4 Nxg4 13. hxg4 Bxc4 14. dxc4 Qe6 15. b3
Rad8 16. Nf5 Rd7 17. g3 Be7 18. Kg2 Qg6 19. Rh1 Bg5 20. Bxg5 Qxg5 21. Rh5 Qg6 22.
f3 Ne7 23. Qh1 Nxf5 24. exf5 Qc6 25. g5 e4 26. gxh6 g6 27. Rg5 Kh7 28. Kf2 Re8
29. Re1 Qf6 30. Qh4 e3+ 31. Kg2 d3 32. cxd3 Rxd3 33. Qf4 Rd2+ 34. Kh3 gxf5 35.
Rg7+ Kh8 36. Rxe3 Re2 37. Rxe2 1-0

[Event "Veteranos"]
[Site "Gaia"]
[Date "2024.06.13"]
[Round "5.7"]
[White "Chaves, Jussara"]
[Black "Miranda, Raul"]
[Result "0-1"]
[BlackElo "1773"]
[WhiteElo "1936"]
[LiveChessVersion "1.4.8"]

1. b3 e5 2. Bb2 Nc6 3. e3 Nf6 4. Bb5 d6 5. Ne2 Bd7 6. d4 exd4 7. Nxd4 Nxd4 8.
Bxd7+ Qxd7 9. Qxd4 Qf5 10. Qd3 Qxd3 11. cxd3 Be7 12. Nd2 O-O 13. O-O d5 14. Rac1
c6 15. Rc2 a5 16. a3 Nd7 17. Rfc1 f5 18. Nf3 Bf6 19. g3 Rfe8 20. Bxf6 Nxf6 21.
Nd4 g6 22. b4 axb4 23. axb4 Nd7 24. Nb3 Ne5 25. Rc3 Ra4 26. b5 Rb4 27. bxc6 bxc6
28. Nc5 d4 29. exd4 Rxd4 30. Ra1 f4 31. Ne4 Kg7 32. Ra7+ Kh6 33. Nf6 Nf3+ 34. Kg2
Ne1+ 35. Kh3 Re6 36. Ng4+ Kg5 37. Rc5+ Rd5 38. gxf4+ Kxf4 39. Rc4+ Kf3 40. Rf7+
Rf5 41. Rxf5+ gxf5 42. Kh4 fxg4 43. d4 Rh6+ 44. Kg5 Rg6+ 45. Kf5 Kxf2 46. Rc1 Nf3
47. Rc2+ Ke3 48. Ra2 Kxd4 49. Kf4 c5 50. h3 g3 0-1

[Event "Veteranos"]
[Site "Gaia"]
[Date "2024.06.13"]
[Round "5.8"]
[White "Miranda, Amíilcar"]
[Black "Nunes, Adelino"]
[Result "1-0"]
[BlackElo "1639"]
[WhiteElo "1900"]
[LiveChessVersion "1.4.8"]

1. d4 d5 2. c4 dxc4 3. Nc3 c6 4. a4 Nf6 5. e3 e6 6. Bxc4 Bb4 7. Nge2 a5 8. O-O
O-O 9. Qb3 Nbd7 10. e4 Nb6 11. Bg5 h6 12. Bxf6 Qxf6 13. e5 Qd8 14. Ne4 Nd5 15.
Rad1 Qh4 16. f3 Qd8 17. f4 Qb6 18. Kh1 Qd8 19. Rf3 Qd7 20. Rg3 f5 21. Bxd5 fxe4
22. Bxe4 Kh8 23. Bb1 Qf7 24. Rf1 b6 25. Nc3 Ba6 26. Rff3 Rad8 27. Qc2 Qg8 28. Ne4
Be7 29. Rg6 Rxd4 30. Nf6 Rfd8 31. h3 Bxf6 32. exf6 Bd3 33. Rxd3 Rxd3 34. fxg7+
Qxg7 35. Rxg7 Kxg7 36. Kh2 c5 37. Qc4 Re3 38. Qc2 Red3 39. Qe2 R3d6 40. Qe4 Rd1
41. Qxe6 R8d2 42. Be4 Rf1 43. Qg6+ Kf8 44. Bf3 Rb1 45. Qxh6+ Ke8 46. Qg6+ 1-0

[Event "Veteranos"]
[Site "Gaia"]
[Date "2024.06.13"]
[Round "5.9"]
[White "Alves, Damiao"]
[Black "Santos, Julio"]
[Result "0-1"]
[BlackElo "1889"]
[WhiteElo "1588"]
[LiveChessVersion "1.4.8"]

1. c4 e5 2. Nc3 b6 3. d4 exd4 4. Qxd4 Bb7 5. Nf3 d6 6. g3 Ne7 7. Bg2 Nbc6 8. Qd1
g6 9. b3 Bg7 10. Bb2 O-O 11. O-O a5 12. Rb1 Re8 13. Re1 h5 14. h4 Bc8 15. Nh2 Bf5
16. e4 Be6 17. Nd5 Nc8 18. Bxg7 Kxg7 19. Qd2 N8a7 20. Qc3+ f6 21. Nf1 Ne5 22.
Nfe3 Ng4 23. Rbd1 Nc6 24. f4 Bd7 25. f5 Nce5 26. Nxg4 hxg4 27. Nf4 gxf5 28. exf5
Rb8 29. Qc2 Qc8 30. Qc1 Bxf5 31. Nh5+ Kg6 32. Nf4+ Kh7 33. Nh5 Rf8 34. Rf1 Kg6
35. Nf4+ Kf7 36. Qc3 Kg7 37. Nd5 Bd7 38. Ne7 Qd8 39. Nf5+ Kg6 40. Be4 Kf7 41.
Nh6+ Ke8 42. Rf4 Qe7 43. Qc2 Be6 44. Nf5 Qd7 45. Nd4 Ke7 46. Qg2 f5 47. Bc6 Qc8
48. Nxe6 Qxe6 49. Qd5 Nf3+ 50. Rxf3 gxf3 51. Qxf3 Qe5 52. Qf2 Rg8 53. Re1 f4 54.
Rxe5+ dxe5 55. Qe2 Rxg3+ 56. Kh2 Kf6 57. Qh5 Rbg8 58. Be4 R8g4 59. Qf5+ Ke7 60.
Qxe5+ Kf8 61. Qf5+ Ke7 62. Qe5+ Kf7 63. Bd5+ Kg6 64. h5+ Kh6 65. Qh8+ Kg5 66.
Qe5+ Kh4 67. h6 Rh3# 0-1

[Event "Veteranos"]
[Site "Gaia"]
[Date "2024.06.13"]
[Round "5.10"]
[White "Araujo, Jose Verissimo"]
[Black "Coelho, Jorge"]
[Result "0-1"]
[BlackElo "1864"]
[WhiteElo "1850"]
[LiveChessVersion "1.4.8"]

1. c4 Nf6 2. Nc3 g6 3. e4 d6 4. d4 Bg7 5. f3 O-O 6. Be3 c6 7. Qd2 a6 8. h4 h5 9.
Nh3 b5 10. Nf2 bxc4 11. Bxc4 d5 12. Bb3 dxe4 13. Ncxe4 Nd5 14. Bh6 Qb6 15. Bxg7
Kxg7 16. g4 Rh8 17. O-O-O Qb4 18. Qe2 a5 19. gxh5 Rxh5 20. Ng3 Rh8 21. Bxd5 cxd5
22. Qe5+ Kg8 23. h5 Nc6 24. Qe3 Rb8 25. Qc3 Be6 26. a3 Qb5 27. hxg6 Ne5 28. Rxh8+
Kxh8 29. gxf7 Nxf7 30. Kb1 Nd6 31. Qd2 Bg8 32. Rh1+ Bh7+ 33. Rxh7+ Kxh7 34. Ng4
Nc4 35. Qh2+ Kg8 0-1

[Event "Veteranos"]
[Site "Gaia"]
[Date "2024.06.13"]
[Round "5.11"]
[White "Fernandes, José Palma"]
[Black "Seia, Joao"]
[Result "1-0"]
[BlackElo "1694"]
[WhiteElo "1564"]
[LiveChessVersion "1.4.8"]

1. d4 d5 2. c4 e6 3. e3 Nf6 4. Nc3 Bb4 5. Bd2 c5 6. Nf3 Nc6 7. a3 Bxc3 8. Bxc3
Ne4 9. Bd3 Nxc3 10. bxc3 cxd4 11. cxd4 Qa5+ 12. Qd2 dxc4 13. Bxc4 a6 14. O-O b5
15. Bd3 Qxd2 16. Nxd2 Bb7 17. Be4 Na5 18. Bxb7 Nxb7 19. Rfc1 Kd7 20. Nb3 Rhc8 21.
Kf1 Kd6 22. e4 f5 23. f3 fxe4 24. fxe4 Rc4 25. Rxc4 bxc4 26. Nd2 Na5 27. Rc1 Rc8
28. Rc3 Rc6 29. Ke2 Kc7 30. Ke3 Kb6 31. d5 exd5 32. exd5 Rd6 33. Kd4 Kc7 34. Nxc4
Nxc4 35. Rxc4+ Kd7 36. Ke5 Rg6 37. g3 Rg5+ 38. Kd4 Rg4+ 39. Kc5 Rg6 40. Rb4 Kc7
41. Rf4 Rh6 42. h4 Rg6 43. g4 Rd6 44. Rf7+ Rd7 45. d6+ Kc8 46. Re7 Rxe7 47. dxe7
Kd7 48. e8=Q+ Kxe8 49. Kb6 Kd7 50. Kxa6 Kc6 51. a4 h6 52. h5 Kc5 53. a5 Kc6 54.
Ka7 Kc7 55. a6 Kc8 56. Kb6 Kb8 57. a7+ Ka8 58. Kc7 Kxa7 59. Kd7 1-0

[Event "Veteranos"]
[Site "Gaia"]
[Date "2024.06.13"]
[Round "5.12"]
[White "Brandao, Alvaro"]
[Black "Guimaraes, Alvaro"]
[Result "0-1"]
[BlackElo "1732"]
[WhiteElo "1664"]
[LiveChessVersion "1.4.8"]

1. d4 c5 2. d5 d6 3. Nc3 g6 4. e4 Bg7 5. Bb5+ Kf8 6. Bd2 a6 7. Bf1 b5 8. Rb1 Nd7
9. f4 Ngf6 10. Qe2 Qc7 11. Nf3 c4 12. Nd1 Nc5 13. Nf2 Bd7 14. g3 Re8 15. Bg2 e6
16. dxe6 Bxe6 17. O-O Bd7 18. e5 Bc6 19. Rfe1 Qb7 20. Nh4 dxe5 21. fxe5 Nfd7 22.
Bxc6 Qxc6 23. Bb4 Kg8 24. Bxc5 Qxc5 25. e6 Rxe6 26. Qd2 Nf8 27. c3 h5 28. Ng2 Bh6
29. Qd4 Qxd4 30. cxd4 Bg7 31. d5 Rxe1+ 32. Rxe1 Bxb2 33. d6 Ne6 34. d7 Kg7 35.
Nf4 Nxf4 36. Re8 Ne6 37. Ne4 Bd4+ 38. Kg2 c3 39. Ng5 Nd8 40. Re2 b4 41. Nf3 Bf6
42. Ne1 Ne6 43. Nd3 a5 44. Ne5 Bxe5 45. Rxe5 Rd8 46. Rxa5 c2 0-1

[Event "Veteranos"]
[Site "Gaia"]
[Date "2024.06.13"]
[Round "5.13"]
[White "Mendes, Alberto"]
[Black "Dias, Jose"]
[Result "0-1"]
[BlackElo "1611"]
[WhiteElo "1696"]
[LiveChessVersion "1.4.8"]

1. e4 Nc6 2. d4 e5 3. c3 Nf6 4. d5 Ne7 5. Bd3 Ng6 6. Be3 c5 7. h3 c4 8. Bc2 b5 9.
a4 b4 10. cxb4 Bxb4+ 11. Nc3 Qa5 12. Nge2 d6 13. O-O O-O 14. Kh2 a6 15. Bd2 Rb8
16. f4 exf4 17. Nxf4 Ne5 18. Nfe2 Bd7 19. Ra2 Rb7 20. Qc1 Rfb8 21. Nd4 Qc7 22.
Nf5 Ng6 23. Bg5 Ne8 24. Be3 f6 25. Nd4 Qc8 26. Nf5 Bc5 27. Bxc5 Qxc5 28. Ne2 a5
29. Ned4 Rb4 30. h4 c3 31. bxc3 Qxc3 32. Qd1 Bxf5 33. Nc6 Bxe4 34. Bxe4 Rxe4 35.
Nxb8 Rxh4+ 36. Kg1 Qe3+ 37. Rff2 Qh6 0-1

[Event "Veteranos"]
[Site "Gaia"]
[Date "2024.06.13"]
[Round "5.14"]
[White "Gasalho, Mario"]
[Black "Goncalves, Antonio"]
[Result "0-1"]
[BlackElo "1675"]
[WhiteElo "1593"]
[LiveChessVersion "1.4.8"]

1. d4 d5 2. Bf4 e6 3. Nf3 f5 4. e3 Nf6 5. c4 c6 6. a3 Be7 7. Nc3 O-O 8. Be2 Bd7
9. O-O Be8 10. Ne5 Nbd7 11. c5 h6 12. h3 g5 13. Bh2 Kh8 14. f4 Nxe5 15. fxg5 Ned7
16. gxf6 Bxf6 17. Bf4 Kh7 18. Qc2 Rg8 19. Nd1 h5 20. Nf2 Kh8 21. Nd3 Qe7 22. Ne5
Qg7 23. Bf3 Nxe5 24. dxe5 Bxe5 25. Rf2 h4 26. Re1 Qc7 27. Qc1 Bf7 28. Kh1 Rg7 29.
b4 a6 30. Be2 Rag8 31. Rg1 Rh7 32. Bxe5+ Qxe5 33. Qa1 Qxa1 34. Rxa1 Rg3 35. Rf3
Rhg7 36. Bf1 Kg8 37. Kg1 Rxf3 0-1